[Event "MEX-ch U26"]
[Site "Merida"]
[Date "2019.05.17"]
[Round "6"]
[White "Garza Rico, Sergio Daniel"]
[Black "Diaz Rosas, Jose Martin"]
[Result "1-0"]
[WhiteElo "1886"]
[BlackElo "1646"]
[PlyCount "89"]
[EventDate "2019.05.12"]
[EventType "swiss"]
[EventRounds "6"]
[EventCountry "MEX"]
[SourceTitle "EXT 2020"]
[Source "ChessBase"]
[SourceDate "2019.10.17"]
[SourceVersion "1"]
[SourceVersionDate "2019.10.17"]
[SourceQuality "1"]

1. d4 g6 2. Nf3 Nf6 3. Bg5 Bg7 4. Nbd2 0-0 5. e3 d5 6. h3 Bf5 7. Be2 Ne4 8. Bf4 Nxd2 9. Qxd2 Nd7 10. 0-0 c5 11. c3 c4 12. Nh4 Be6 13. e4 Rc8 14. Bf3 Nb6 15. Rae1 dxe4 16. Bxe4 Bd5 17. Nf3 Bxe4 18. Rxe4 e6 19. Bh6 Bxh6 20. Qxh6 Qf6 21. Ne5 Qg7 22. Qd2 Rfd8 23. Qe2 Rc7 24. Kh1 Rdc8 25. f4 Nd5 26. Qe1 b5 27. a3 a5 28. Re2 h6 29. Rf3 Kh7 30. Ng4 Rb7 31. Ne3 Nxe3 32. Rfxe3 Rcb8 33. Re5 Qf6 34. Qf2 Rd8 35. Qf3 Rb6 36. Rc5 Rd7 37. Ree5 Rbb7 38. Kh2 a4 39. g4 Kg7 40. Qg3 Rb8 41. h4 Qe7 42. h5 f6 43. Re2 Rbb7 44. hxg6 Rbc7 45. Rh5 1-0

[Event "Pan American-ch U18"]
[Site "Oaxtepec"]
[Date "2014.07.14"]
[Round "6"]
[White "Rojas Quevedo, Luis Enriqu"]
[Black "Garza Rico, Sergio Daniel"]
[Result "1/2-1/2"]
[WhiteElo "1837"]
[BlackElo "2015"]
[PlyCount "56"]
[EventDate "2014.07.11"]
[EventType "swiss"]
[EventRounds "9"]
[EventCountry "MEX"]
[SourceTitle "EXT 2022"]
[Source "ChessBase"]
[SourceDate "2021.10.06"]
[SourceVersion "1"]
[SourceVersionDate "2021.10.06"]
[SourceQuality "1"]

1. e4 c6 2. d4 d5 3. Nc3 dxe4 4. Nxe4 Nf6 5. Ng5 b6 6. N5f3 Bf5 7. Bc4 e6 8. Ne2 Bd6 9. Bf4 Nd5 10. Bxd6 Qxd6 11. Bd3 Bxd3 12. Qxd3 Nd7 13. 0-0 0-0 14. a3 N5f6 15. Rad1 Rfe8 16. Ng3 c5 17. Qb5 Qc7 18. c3 c4 19. Ne5 Rac8 20. Nxd7 Nxd7 21. Rfe1 a6 22. Qh5 Nf6 23. Qf3 b5 24. Nh5 Nxh5 25. Qxh5 Rcd8 26. Re5 Qc6 27. Rde1 Rd5 28. h3 Red8 1/2-1/2

[Event "Pan American-ch U18"]
[Site "Oaxtepec"]
[Date "2014.07.12"]
[Round "2"]
[White "Lopez Gonzalez, Abel Fabian"]
[Black "Garza Rico, Sergio Daniel"]
[Result "1-0"]
[WhiteElo "2323"]
[BlackElo "2015"]
[PlyCount "59"]
[EventDate "2014.07.11"]
[EventType "swiss"]
[EventRounds "9"]
[EventCountry "MEX"]
[SourceTitle "EXT 2022"]
[Source "ChessBase"]
[SourceDate "2021.10.06"]
[SourceVersion "1"]
[SourceVersionDate "2021.10.06"]
[SourceQuality "1"]

1. b3 e5 2. Bb2 Nc6 3. e3 Nf6 4. Nf3 d6 5. Be2 g6 6. 0-0 Bg7 7. c4 0-0 8. d4 exd4 9. Nxd4 Nxd4 10. Bxd4 d5 11. Nc3 Be6 12. Rc1 dxc4 13. Bxc4 Bxc4 14. bxc4 c6 15. Qf3 Re8 16. Rb1 Qe7 17. Rb3 Rec8 18. a4 Rc7 19. Rfb1 Rd8 20. a5 Rdc8 21. Bxa7 Qd6 22. Bd4 Rd8 23. g3 Re7 24. Rb6 Ne8 25. Nd5 Bxd4 26. Nxe7+ Qxe7 27. exd4 Nd6 28. d5 Qe5 29. Qf4 Qxf4 30. gxf4 1-0